National Assembly Library of Thailand
มุมมองปกติ มุมมองแบบ MARC
  • กองทุนอาคารเฉลิมพระเกียรติ 80 พรรษามหาราชินี มูลนิธิโรงพยาบาลเด็ก

รายการ Corporate Name

จำนวนระเบียนที่ใช้: 1

001 - CONTROL NUMBER

  • control field: 60678

003 - CONTROL NUMBER IDENTIFIER

  • control field: NALT

005 - DATE AND TIME OF LATEST TRANSACTION

  • control field: 20230427143640.0

008 - FIXED-LENGTH DATA ELEMENTS

  • fixed length control field: 230425|| aca||aabn | a|a d

040 ## - CATALOGING SOURCE

  • Original cataloging agency: NALT

110 2# - HEADING--CORPORATE NAME

  • Corporate name or jurisdiction name as entry element: กองทุนอาคารเฉลิมพระเกียรติ 80 พรรษามหาราชินี มูลนิธิโรงพยาบาลเด็ก
หอสมุดรัฐสภา
สำนักงานเลขาธิการสภาผู้แทนราษฎร เลขที่ 1111 ถนนสามเสน แขวงถนนนครไชยศรี เขตดุสิต กรุงเทพฯ 10300
The Secretariat of the House of Representatives 1111 Samsen Road, Thanon Nakhon Chai Si, Dusit, Bangkok 10300, THAILAND
โทรศัพท์: +66(0) 2242 5900 ต่อ 5714-5 โทรสาร: +66(0) 2242 5990 อีเมล: [email protected]